Deadliest Conflicts in 2018 - Statistics

General Stats
  • This quiz has been taken 5 times
  • The average score is 3 of 10
Answer Stats
Hint Answer % Correct
23,000 Syrian Civil War
100%
27,765 Mexican Drug War
60%
3,952 Somali Civil War
40%
25,705 Yemeni Crisis
40%
2,213 Boko Haram Insurgency
20%
4,861 Iraq Conflict
20%
35,941 War in Afghanistan
20%
3,020 Communal Conflicts in Nigeria
0%
1,166 Ethnic Violence in South Sudan
0%
1,285 Northern Mali Conflict
0%
No matching quizzes found
Score Distribution
Percent of People with Each Score
Percentile by Number Answered
Your Score History
You have not taken this quiz